000 00559nam a2200229Ia 4500
003 OSt
005 20220928101838.0
006 a|||||r|||| 00| 0
007 ta
008 220927b |||||||| |||| 00| 0 hin d
024 _a139247
037 _cTextual
040 _aSDCL
_cSDCL
_bhin
041 _2hin
_ahin
082 _aO152,1I83:g, K31
100 _aSharma
_9393037
245 0 _aSoor kavya ki aalochana.
260 _c1963
300 _a128p.
_ccm.
942 _hO152,1I83:g, K31
_cTEXL
_2CC
999 _c711093
_d711093